<?xml version="1.0" encoding="UTF-8"?>
<collection xmlns="http://www.loc.gov/MARC21/slim">
 <record>
  <leader>     na                 </leader>
  <controlfield tag="001">INLIS000000000010720</controlfield>
  <controlfield tag="005">20220907100512</controlfield>
  <datafield tag="035" ind1=" " ind2=" ">
   <subfield code="a">0010-0922000010</subfield>
  </datafield>
  <controlfield tag="007">ta</controlfield>
  <controlfield tag="008">220907                g          0 ind  </controlfield>
  <datafield tag="020" ind1=" " ind2=" ">
   <subfield code="a">978-979-1159-11-1</subfield>
  </datafield>
  <datafield tag="082" ind1=" " ind2=" ">
   <subfield code="a">633.15</subfield>
  </datafield>
  <datafield tag="084" ind1=" " ind2=" ">
   <subfield code="a">633.15 PUS j</subfield>
  </datafield>
  <datafield tag="100" ind1="1" ind2=" ">
   <subfield code="a">Pusat Penelitian dan Pengembangan Tanaman Pangan</subfield>
   <subfield code="e">Pengarang</subfield>
  </datafield>
  <datafield tag="245" ind1="1" ind2=" ">
   <subfield code="a">Jagung :</subfield>
   <subfield code="b">Teknik Produksi dan Pengembangan /</subfield>
   <subfield code="c">Pusat Penelitian dan Pengembangan Tanaman Pangan</subfield>
  </datafield>
  <datafield tag="300" ind1=" " ind2=" ">
   <subfield code="a">vi, 508 p. :</subfield>
   <subfield code="b">ill. ;</subfield>
   <subfield code="c">24 cm</subfield>
  </datafield>
  <datafield tag="650" ind1=" " ind2="4">
   <subfield code="a">Jagung</subfield>
  </datafield>
  <datafield tag="650" ind1=" " ind2="4">
   <subfield code="a">Budi daya Pertanian</subfield>
  </datafield>
  <datafield tag="650" ind1=" " ind2="4">
   <subfield code="a">Inovasi Teknologi</subfield>
  </datafield>
  <datafield tag="700" ind1="0" ind2=" ">
   <subfield code="a">Sumarno</subfield>
   <subfield code="e">Penyunting</subfield>
  </datafield>
  <datafield tag="700" ind1="0" ind2=" ">
   <subfield code="a">Suyamto</subfield>
   <subfield code="e">Penyunting</subfield>
  </datafield>
  <datafield tag="700" ind1="0" ind2=" ">
   <subfield code="a">Widjono, Adi</subfield>
   <subfield code="e">Penyunting</subfield>
  </datafield>
  <datafield tag="700" ind1="0" ind2=" ">
   <subfield code="a">Hermanto</subfield>
   <subfield code="e">Penyunting</subfield>
  </datafield>
  <datafield tag="700" ind1="0" ind2=" ">
   <subfield code="a">Kasim, Husni</subfield>
   <subfield code="e">Penyunting</subfield>
  </datafield>
  <datafield tag="520" ind1=" " ind2=" ">
   <subfield code="a">Dewasa ini jagung tidak hanya digunakan untuk bahan pangan, tetapi juga untuk pakan dan bahan baku beberapa industri strategis dengan kebutuhan yang terus meningkat. Namun, produksi nasional jagung belum mampu memenuhi semua kebutuhan dalam negeri sehingga adakalanya pemerintah harus melakukan impor. Pemerintah telah berupaya meningkatkan produksi jagung melalui berbagai kebijakan dan program, baik intensifikasi maupun ekstensifikasi. Dengan makin berkembangnya penelitian dan inovasi teknologi jagung selam dua dasawarsa terakhir Puslitbangtan menerbitkan buku jagung yang diharapkan dapat menjadi “pegangan utama” bagi penentu kebijakan, akademisi, penyuluh pertanian, peneliti dan pihak lain yang berminat mengembangkan jagung. Hasil penelitian jagung diharapkan mampu memberikan kontribusi bagi upaya peningkatan produksi, serta sebagai sumber rujukan dalam penelitian dan pengembangan.</subfield>
  </datafield>
  <datafield tag="264" ind1=" " ind2=" ">
   <subfield code="a">Jakarta :</subfield>
   <subfield code="b">Pusat Penelitian dan Pengembangan Tanaman Pangan,</subfield>
   <subfield code="c">2007</subfield>
  </datafield>
  <datafield tag="336" ind1=" " ind2=" ">
   <subfield code="2">rdacontent</subfield>
   <subfield code="a">Teks</subfield>
  </datafield>
  <datafield tag="337" ind1=" " ind2=" ">
   <subfield code="2">rdamedia</subfield>
   <subfield code="a">Tanpa Perantara</subfield>
  </datafield>
  <datafield tag="338" ind1=" " ind2=" ">
   <subfield code="2">rdacarrier</subfield>
   <subfield code="a">Volume</subfield>
  </datafield>
  <datafield tag="856" ind1=" " ind2=" ">
   <subfield code="a">Perpustakaan PSEKP</subfield>
  </datafield>
  <datafield tag="990" ind1=" " ind2=" ">
   <subfield code="a">674/PSEKP/2022</subfield>
  </datafield>
 </record>
</collection>
